000 00218 a2200097 4500
000 nam a22 7a 4500
005 20260302141955.0
100 _aDas, Gurcharan
_91114712
245 _aIndia Unbound
942 _cTEXL
999 _c1688393
_d1688393